Formula 1: Most Points per Decade: 2010-2019 - Statistics

General Stats
  • This quiz has been taken 342 times
  • The average score is 27 of 31
Answer Stats
Points Driver Nationality Teams % Correct
1280 Kimi Räikkönen Finland Lotus, Ferrari, Alfa Romeo
100%
3175 Lewis Hamilton United Kingdom McLaren, Mercedes
100%
2860 Sebastian Vettel Germany Red Bull, Ferrari
100%
1040 Daniel Ricciardo Australia Toro Rosso, HRT, Red Bull, Renault
99%
1322 Fernando Alonso Spain Ferrari, McLaren
99%
1519 Nico Rosberg Germany Mercedes
99%
317 Charles Leclerc Monaco Sauber, Ferrari
98%
934 Max Verstappen Netherlands Toro Rosso, Red Bull
98%
581 Sergio Pérez Mexico Sauber, McLaren, Force India, Racing Point
98%
1289 Valtteri Bottas Finland Williams, Mercedes
98%
267 Carlos Sainz Spain Toro Rosso, Renault, McLaren
96%
157 Kevin Magnussen Denmark McLaren, Renault, Haas
96%
511 Nico Hülkenberg Germany Williams, Force India, Sauber, Renault
95%
170 Daniil Kvyat Russia Toro Rosso, Red Bull
94%
847 Felipe Massa Brazil Ferrari, Williams
94%
197 Michael Schumacher Germany Mercedes
94%
389 Romain Grosjean France Renault, Lotus, Haas
94%
92 Alexander Albon Thailand Toro Rosso, Red Bull
93%
136 Esteban Ocon France Lotus, Renault, Manor, Force India
93%
908 Jenson Button United Kingdom McLaren
93%
878 Mark Webber Australia Red Bull
93%
137 Robert Kubica Poland Renault, Williams
93%
67 Lance Stroll Canada Williams, Racing Point
92%
124 Pierre Gasly France Toro Rosso, Red Bull
92%
76 Pastor Maldonado Venezuela Williams, Lotus
80%
122 Kamui Kobayashi Japan BMW, Sauber, Caterham
77%
64 Vitaly Petrov Russia Renault, Lotus, Caterham
68%
51 Rubens Barrichello Brazil Williams
65%
118 Adrian Sutil Germany Force India, Sauber
56%
51 Jean-Éric Vergne France Toro Rosso
47%
121 Paul di Resta United Kingdom Force India, Williams
47%
No matching quizzes found
Score Distribution
Percent of People with Each Score
Percentile by Number Answered
Your Score History
You have not taken this quiz